Stations de Tramway d'Ile-de-France - Clic Quiz - Statistiques

Statistiques générales
  • Ce quiz a été pris 25 fois
  • Le résultat moyen est 79 sur 100
Statistiques - réponses
Hint Réponse % Correct
Pont de Bezons T2
95%
La Défense - Grande Arche T2
95%
Asnières Quatre Routes T1
90%
La Courneuve - Six Routes T1
90%
Suresnes Longchamp T2
90%
Pont du Garigliano T3a
90%
Cité Universitaire T3a
90%
Porte Dorée T3a
90%
Porte des Lilas T3b
90%
Porte de Pantin T3b
90%
Porte de la Villette T3b
90%
Porte de Clignancourt T3b
90%
Porte de la Chapelle T3b
90%
Porte de Champerret T3b
90%
Porte Maillot T3b
90%
Porte Dauphine T3b
90%
Mairie de Vélizy T6
90%
Viroflay Rive Gauche T6
90%
La Courneuve - 8 Mai 1945 T1
85%
Bobigny - Pablo Picasso T1
85%
Petit-Châtenay T10
85%
Massy Palaiseau T12
85%
Longjumeau T12
85%
Parc de Saint-Cloud T2
85%
Musée de Sèvres T2
85%
Porte de Vanves T3a
85%
Porte d'Orléans T3a
85%
Porte de Charenton T3a
85%
Porte de Montreuil T3b
85%
Porte de Bagnolet T3b
85%
Clichy - Montfermeil T4
85%
Les Pavillons-sous-Bois T4
85%
Gargan T4
85%
Garges Sarcelles T5
85%
Châtillon Montrouge T6
85%
Centre de Châtillon T6
85%
Vélizy 2 T6
85%
Viroflay Rive Droite T6
85%
Porte de l'Essonne T7
85%
Villejuif - Louis Aragon T7
85%
Saint-Denis - Porte de Paris T8
85%
Orly - Gaston Viens T9
85%
Jardin Parisien T10
80%
Dugny La Courneuve T11
80%
Le Bourget T11
80%
Massy Europe T12
80%
Champlan T12
80%
Évry Courcouronnes T12
80%
Les Portes de Saint-Cyr T13
80%
Saint-Germain-en-Laye T13
80%
Esbly T14
80%
Crécy-la-Chapelle T14
80%
Les Moulineaux T2
80%
Issy Val de Seine T2
80%
Porte d'Italie T3a
80%
Porte d'Ivry T3a
80%
Aulnay-sous-Bois T4
80%
Hôpital de Montfermeil T4
80%
Clichy-sous-Bois - Mairie T4
80%
Mairie de Pierrefitte T5
80%
Porte de Rungis T7
80%
Chevilly-Larue T7
80%
La Belle Épine T7
80%
L'Ile Saint-Denis T1
75%
Stains - La Cerisaie T11
75%
Gravigny Balizy T12
75%
Saint-Cyr T13
75%
Mareil-Marly T13
75%
Noisy-le-Roi T13
75%
Saint-Nom-La Bretèche - Forêt de Marly T13
75%
Porte d'Issy T2
75%
Bondy T4
75%
Épinay - Orgemont T8
75%
Delaunay-Belleville T8
75%
Mairie de Vitry-sur-Seine T9
75%
Trois Communes T9
75%
Les Saules T9
75%
Mairie de Villeneuve la Garenne T1
70%
Gare de Noisy-le-Sec T1
70%
La Croix de Berny T10
70%
Malabry T10
70%
Chilly-Mazarin T12
70%
Côteaux de l'Orge T12
70%
Bois de Saint-Eutrope T12
70%
Camp des Loges T13
70%
Lochères T5
70%
Petit Pierrefitte T5
70%
Blumenthal T8
70%
César T8
70%
Cimetière Parisien d'Ivry T9
70%
Musée MAC VAL T9
70%
Épinay-sur-Orge T12
65%
Ferme Neuve T12
65%
Montry - Condé T14
65%
Couilly Saint-Germain Quincy T14
65%
Joncherolles T5
65%
Les Mobiles T8
65%
Villiers - Montbarbin T14
60%
Noveos T10
55%
Pierrefitte - Stains T11
55%
Aucun quiz correspondant
Distribution des résultats
% des personnes avec chaque résultat
Percentile par nombre de réponses
Votre historique - résultats
Vous n’avez pas pris ce quiz